000 00500nam a22001697a 4500
005 20260121121057.0
008 260121b |||||||| |||| 00| 0 eng d
022 _a978-0-07-786153-7
050 _aGN 316 .K68 2015
100 _aKOTTAK, CONROD PHILLIP
245 _aCULTURAL ANTROPOLOGY: APPRECIATING CULTURAL DIVERSITY
250 _a16TH
260 _aNEW YORK
_bMcGRAW-HILL EDUCATION
_c2015
300 _aXXV,355P.
500 _aINCLUDES BIBLIOGRAPHIC REFERENCES AND INDEX
942 _2lcc
_cBK
999 _c216490
_d216490